000 00753 a2200217 4500
999 _c9397
_d9397
020 _a9780199641949 (hbk.)
020 _a0199641943 (hbk.)
050 0 0 _aK3240 JOS 2013
100 1 _aJoseph, Sarah
_eauthor.
245 1 4 _aThe International Covenant on Civil and Political Rights :
_bcases, materials, and commentary /
_cSarah Joseph and Melissa Castan.
250 _aThird edition.
264 1 _aOxford, United Kingdom ;
_bOxford University Press,
_c2013.
300 _alii, 989 pages ;
500 _aincludes index.
650 0 _aHuman rights.
650 0 _aInternational law.
700 1 _aCastan, Melissa,
_eauthor.
942 _2lcc
_cBK
_h3240
_iJOS
_kK